The Novels of J.G. Ballard Quiz Stats

 Plays Quiz not verified by Sporcle

Support Sporcle.
Go Orange.
Score 0/18 Timer 05:00
0 Plays Today
Year Novel % Correct
1973Crash
94%
1984Empire of the Sun
89.3%
1975High Rise
86.9%
1974Concrete Island
77.4%
1962The Drowned World
75%
1966The Crystal World
67.9%
1996Cocaine Nights
67.9%
2000Super-Cannes
66.7%
1964The Burning World
58.3%
Year Novel % Correct
1981Hello America
58.3%
2003Millennium People
58.3%
2006Kingdom Come
51.2%
1991The Kindness of Women
50%
1979The Unlimited Dream Company
48.8%
1961The Wind from Nowhere
45.2%
1988Running Wild
34.5%
1994Rushing to Paradise
34.5%
1987The Day of Creation
26.2%

You're not logged in!

Compare scores with friends on all Sporcle quizzes.
OR
Log In

From the Vault

The Super Duper '90s Slideshow

by TheZizz

Let's remember the good times.
Remove Ads.
Support Sporcle.
Get the best of Sporcle when you Go Orange. This ad-free experience offers more features, more stats, and more fun while also helping to support Sporcle. Thank you for becoming a member.

Show Comments

Extras

Created Oct 23, 2013SourceReportNominate
Tags:Bibliography

Top Quizzes Today


Score Distribution

Your Account Isn't Verified!

In order to create a playlist on Sporcle, you need to verify the email address you used during registration. Go to your Sporcle Settings to finish the process.

Report this User

Report this user for behavior that violates our Community Guidelines.

Details: